000 00657nam a2200253Ia 4500
005 20260121161203.0
008 008 260114s9999 xx 000 0 eng d
020 _a9781003425601
037 _aEBOOK
040 _aCRL
040 _beng
040 _cCRL
041 _2eng
041 _aeng
084 _qCRL
100 _aSajal Nag; M. Satish Kumar
_91041283
245 0 _aEncounter and Interventions:Christian Missionaries in Colonial North-East India
260 _bTaylor and Francis
260 _c2024
856 _uhttp://www.taylorfrancis.com/books/9781003425601
942 _cEBOOK
999 _c1608099
_d1608099